000 00482nam a2200169Ia 4500
999 _c22019
_d22019
003 OSt
005 20200320160402.0
008 190216s9999||||xx |||||||||||||| ||und||
040 _coclc
082 _a297.63
_bHAM/M
100 _aHamidullah, Muhammad
_91985
245 0 _aMuhammad Rasulullah /
_cMuhammad Hamidullah
260 _bHyderadad-Deccan,
_c1974.
300 _a197p
650 _aIslamic History
942 _cBK
_2ddc
_h297.63
_iHAM/M
_k297.63
_mHAM/M